<?xml version="1.0" encoding="UTF-8"?>
<record
    xmlns:xsi="http://www.w3.org/2001/XMLSchema-instance"
    xsi:schemaLocation="http://www.loc.gov/MARC21/slim http://www.loc.gov/standards/marcxml/schema/MARC21slim.xsd"
    xmlns="http://www.loc.gov/MARC21/slim">

  <leader>01556nam0a22003131  4500</leader>
  <controlfield tag="001">rc\3576846</controlfield>
  <controlfield tag="005">20250610043824.0</controlfield>
  <datafield tag="021" ind1=" " ind2=" ">
    <subfield code="a">RU</subfield>
    <subfield code="b">&#x420;&#x433;10697-71</subfield>
  </datafield>
  <datafield tag="035" ind1=" " ind2=" ">
    <subfield code="a">(NLR Aleph) 007694845</subfield>
  </datafield>
  <datafield tag="090" ind1=" " ind2=" ">
    <subfield code="a">6680934</subfield>
    <subfield code="c">6680934</subfield>
  </datafield>
  <datafield tag="100" ind1=" " ind2=" ">
    <subfield code="a">20130115d1971    |||y0rusy50      ca</subfield>
  </datafield>
  <datafield tag="101" ind1="0" ind2=" ">
    <subfield code="a">rus</subfield>
  </datafield>
  <datafield tag="102" ind1=" " ind2=" ">
    <subfield code="a">RU</subfield>
  </datafield>
  <datafield tag="105" ind1=" " ind2=" ">
    <subfield code="a">y   b   |||||</subfield>
  </datafield>
  <datafield tag="200" ind1="1" ind2=" ">
    <subfield code="a">&#x416;&#x438;&#x432;&#x43E;&#x43F;&#x438;&#x441;&#x44C;. &#x421;&#x43A;&#x443;&#x43B;&#x44C;&#x43F;&#x442;&#x443;&#x440;&#x430;. &#x413;&#x440;&#x430;&#x444;&#x438;&#x43A;&#x430;. &#x414;&#x435;&#x43A;&#x43E;&#x440;&#x430;&#x442;&#x438;&#x432;&#x43D;&#x43E;-&#x43F;&#x440;&#x438;&#x43A;&#x43B;&#x430;&#x434;&#x43D;&#x43E;&#x435; &#x438;&#x441;&#x43A;&#x443;&#x441;&#x441;&#x442;&#x432;&#x43E;</subfield>
    <subfield code="e">&#x41A;&#x430;&#x442;&#x430;&#x43B;&#x43E;&#x433;</subfield>
    <subfield code="f">&#x423;&#x43F;&#x440;. &#x43A;&#x443;&#x43B;&#x44C;&#x442;&#x443;&#x440;&#x44B; &#x41F;&#x435;&#x43D;&#x437;. &#x43E;&#x431;&#x43B;&#x438;&#x441;&#x43F;&#x43E;&#x43B;&#x43A;&#x43E;&#x43C;&#x430;. &#x41E;&#x431;&#x43B;. &#x441;&#x43E;&#x432;&#x435;&#x442; &#x43F;&#x440;&#x43E;&#x444;&#x441;&#x43E;&#x44E;&#x437;&#x43E;&#x432;. &#x41A;&#x43E;&#x43C;. &#x432;&#x435;&#x442;&#x435;&#x440;&#x430;&#x43D;&#x43E;&#x432; &#x432;&#x43E;&#x439;&#x43D;&#x44B; &#x43F;&#x440;&#x438; &#x41F;&#x435;&#x43D;&#x437;. &#x43E;&#x440;&#x433;&#x430;&#x43D;&#x438;&#x437;&#x430;&#x446;&#x438;&#x438; &#x421;&#x43E;&#x44E;&#x437;&#x430; &#x445;&#x443;&#x434;&#x43E;&#x436;&#x43D;&#x438;&#x43A;&#x43E;&#x432; &#x420;&#x421;&#x424;&#x421;&#x420;. &#x41E;&#x431;&#x43B;. &#x432;&#x44B;&#x441;&#x442;&#x430;&#x432;&#x43A;&#x430;, &#x43F;&#x43E;&#x441;&#x432;&#x44F;&#x449;. 25-&#x43B;&#x435;&#x442;&#x438;&#x44E; &#x43F;&#x43E;&#x431;&#x435;&#x434;&#x44B; &#x43D;&#x430;&#x434; &#x444;&#x430;&#x448;&#x438;&#x441;&#x442;&#x441;&#x43A;&#x43E;&#x439; &#x413;&#x435;&#x440;&#x43C;&#x430;&#x43D;&#x438;&#x435;&#x439; 1915-1970. 8 &#x43C;&#x430;&#x44F;-25 &#x438;&#x44E;&#x43B;&#x44F; 1970 &#x433;.</subfield>
  </datafield>
  <datafield tag="210" ind1=" " ind2=" ">
    <subfield code="a">&#x41F;&#x435;&#x43D;&#x437;&#x430;</subfield>
    <subfield code="c">&#x411;. &#x438;.</subfield>
    <subfield code="d">1971</subfield>
  </datafield>
  <datafield tag="215" ind1=" " ind2=" ">
    <subfield code="a">13 &#x441;.</subfield>
    <subfield code="d">20</subfield>
  </datafield>
  <datafield tag="300" ind1=" " ind2=" ">
    <subfield code="a">&#x41D;&#x430; 13-&#x439; &#x441;. &#x441;&#x43E;&#x441;&#x442;.: &#x438;&#x441;&#x43A;&#x443;&#x441;&#x441;&#x442;&#x432;&#x43E;&#x432;&#x435;&#x434; &#x41C;&#x43E;&#x43B;&#x447;&#x430;&#x43D;&#x43E;&#x432; &#x411;.&#x41D;.</subfield>
  </datafield>
  <datafield tag="517" ind1="0" ind2=" ">
    <subfield code="a">&#x414;&#x435;&#x43A;&#x43E;&#x440;&#x430;&#x442;&#x438;&#x432;&#x43D;&#x43E;-&#x43F;&#x440;&#x438;&#x43A;&#x43B;&#x430;&#x434;&#x43D;&#x43E;&#x435; &#x438;&#x441;&#x43A;&#x443;&#x441;&#x441;&#x442;&#x432;&#x43E;</subfield>
  </datafield>
  <datafield tag="517" ind1="0" ind2=" ">
    <subfield code="a">&#x421;&#x43A;&#x443;&#x43B;&#x44C;&#x43F;&#x442;&#x443;&#x440;&#x430;</subfield>
  </datafield>
  <datafield tag="517" ind1="0" ind2=" ">
    <subfield code="a">&#x413;&#x440;&#x430;&#x444;&#x438;&#x43A;&#x430;</subfield>
  </datafield>
  <datafield tag="702" ind1=" " ind2="1">
    <subfield code="a">&#x41C;&#x43E;&#x43B;&#x447;&#x430;&#x43D;&#x43E;&#x432;</subfield>
    <subfield code="b">&#x411;.&#x41D;.</subfield>
    <subfield code="g">&#x411;&#x43E;&#x440;&#x438;&#x441; &#x41D;&#x438;&#x43A;&#x43E;&#x43B;&#x430;&#x435;&#x432;&#x438;&#x447;</subfield>
    <subfield code="4">220</subfield>
  </datafield>
  <datafield tag="710" ind1="1" ind2="2">
    <subfield code="a">&#x41F;&#x435;&#x43D;&#x437;&#x435;&#x43D;&#x441;&#x43A;&#x430;&#x44F; &#x43E;&#x431;&#x43B;. &#x432;&#x44B;&#x441;&#x442;&#x430;&#x432;&#x43A;&#x430;, &#x43F;&#x43E;&#x441;&#x432;&#x44F;&#x449;&#x435;&#x43D;&#x43D;&#x430;&#x44F; 25-&#x43B;&#x435;&#x442;&#x438;&#x44E; &#x43F;&#x43E;&#x431;&#x435;&#x434;&#x44B; &#x43D;&#x430;&#x434; &#x444;&#x430;&#x448;&#x438;&#x441;&#x442;&#x441;&#x43A;&#x43E;&#x439; &#x413;&#x435;&#x440;&#x43C;&#x430;&#x43D;&#x438;&#x435;&#x439; (1970)</subfield>
  </datafield>
  <datafield tag="801" ind1=" " ind2="0">
    <subfield code="a">RU</subfield>
    <subfield code="b">NLR</subfield>
    <subfield code="g">psbo</subfield>
  </datafield>
  <datafield tag="801" ind1=" " ind2="1">
    <subfield code="a">RU</subfield>
    <subfield code="b">ELAR</subfield>
    <subfield code="2">rusmarc</subfield>
  </datafield>
  <datafield tag="852" ind1=" " ind2=" ">
    <subfield code="a">NLR</subfield>
    <subfield code="b">&#x42D;</subfield>
    <subfield code="j">&#x41A;&#x41F;250/1971</subfield>
  </datafield>
  <datafield tag="942" ind1=" " ind2=" ">
    <subfield code="c">BOOK</subfield>
  </datafield>
  <datafield tag="980" ind1=" " ind2=" ">
    <subfield code="a">NB</subfield>
  </datafield>
  <datafield tag="995" ind1=" " ind2=" ">
    <subfield code="5">2013-10-26</subfield>
    <subfield code="b">NLR02</subfield>
    <subfield code="c">NLR02</subfield>
    <subfield code="e">EST</subfield>
    <subfield code="f">7694845-10</subfield>
    <subfield code="k">&#x42D; &#x41A;&#x41F;250/1971</subfield>
    <subfield code="o">0</subfield>
    <subfield code="r">BOOK</subfield>
    <subfield code="s">_2501971</subfield>
  </datafield>
</record>
